Bystanding or standing by? How the number of bystanders affects the intention to intervene in cyberbullying (Record no. 316185)
[ view plain ]
| 000 -LEADER | |
|---|---|
| fixed length control field | 00399nam a2200133Ia 4500 |
| 008 - FIXED-LENGTH DATA ELEMENTS--GENERAL INFORMATION | |
| fixed length control field | 170224s9999 xx 000 0 und d |
| 245 ## - TITLE STATEMENT | |
| Title | Bystanding or standing by? How the number of bystanders affects the intention to intervene in cyberbullying |
| 260 ## - PUBLICATION, DISTRIBUTION, ETC. (IMPRINT) | |
| Name of publisher, distributor, etc | New Media & Society |
| 260 ## - PUBLICATION, DISTRIBUTION, ETC. (IMPRINT) | |
| Date of publication, distribution, etc | 2016 |
| 300 ## - PHYSICAL DESCRIPTION | |
| Extent | 18: |
| 500 ## - GENERAL NOTE | |
| General note | 2016 |
| 650 ## - SUBJECT ADDED ENTRY--TOPICAL TERM | |
| General subdivision | Communication Arts |
| 650 ## - SUBJECT ADDED ENTRY--TOPICAL TERM | |
| General subdivision | Multimedia Arts |
| Withdrawn status | Lost status | Damaged status | Home library | Current library | Date acquired | Total Checkouts | Date last seen | Price effective from | Koha item type |
|---|---|---|---|---|---|---|---|---|---|
| College Library | College Library | 02/24/2017 | 02/24/2017 | 02/24/2017 | Periodicals |